| 000 | 00458nam a2200181 a 4500 | ||
|---|---|---|---|
| 001 | 23697 | ||
| 005 | 20180713221808.0 | ||
| 008 | 140415s1946 000 0 spa d | ||
| 041 | _aspa | ||
| 082 |
_a859.9 _bVOS |
||
| 100 | 1 | _aVOSSLER, CARLOS | |
| 245 | 1 | 0 | _aESTAMPAS DEL MUNDO ROMANICO |
| 260 |
_a[s.l.] : _bESPASA-CALPE, _c1946 |
||
| 300 | _a148 | ||
| 490 |
_aAUSTRAL _v624 |
||
| 650 | 1 | 4 | _aLITERATURA |
| 700 | 1 |
_aGONZALEZ V., F. _etr. |
|
| 999 |
_c23697 _d23697 |
||